000 00446nam a2200193Ia 4500
005 20250603145600.0
008 250603s9999 xx 000 0 und d
020 _a9780199217700
050 _aKC 100 .B7/
100 _aBrownlie, Ian
245 0 _aPrinciples of public international law.
250 _a7th ed.
260 _aOxford
260 _bUniversity Press
260 _c2008
300 _a784 p
650 _aOxford
942 _cBK
999 _c42269
_d42269